=LDR 00000nam 2200000 4500 =001 INLIS000000000044631 =005 20131008110304 =008 ***********************************Ind** =035 ##$$0010-101300000002553 =041 ##$$a Ind =082 ##$$a 793 =090 ##$$a 793 , Mal k =100 ##$$a Malahayati =245 ##$$a Koleksi gameasyik , untukmelejitkan kecerdasan remaja , Malahayati =260 ##$$a 2010 $b Jakarta =300 ##$$a 192 hal. , 20 cm =850 ##$$a NBPNMAT